| 000 | 00538nam a2200181Ia 4500 | ||
|---|---|---|---|
| 001 | 4341 | ||
| 005 | 20260306145748.0 | ||
| 008 | 260306t2016||||xx |||||||||||||| ||spa|| | ||
| 041 | _aESP | ||
| 082 |
_a320.98 _bT56 |
||
| 100 |
_aTimaná Kure, Carlos _eAUT |
||
| 245 | 0 |
_aLa comunicación política en los gobiernos latinoamericanos 2010-2014: _blos casos de Argentina, Colombia, México, Perú, Uruguay y Venezuela |
|
| 260 | _c2016 | ||
| 300 |
_a156 páginas : _c23 cm. |
||
| 650 | _aGEN | ||
| 654 | _aCDE | ||
| 942 |
_cLIB _dJUS _fJUS _2ddc _n |
||
| 999 |
_c4341 _d4341 |
||